Datum a čas kvízu
15
Celkem bodů
Celkový počet nahraných bodů na tomto kvízu bez doplňovacích otázek.
4.
Pořadí na kvízu
Konečné umístění týmu na tomto kvízu.
Zaznamenané odpovědi
| # | Otázka | Odpověď | Body | Výsledky |
|---|---|---|---|---|
| 1. | Pražský městský soud pravomocn... | Modlitba pro Martu | 1 | |
| 2. | Minulý týden se ve Spojených s... | Joe Biden | 0 | |
| 3. | Na letošní festival Febiofest... | Woody Harrelson | 0 | |
| 4. | V úterý byl vyhlášen Podnikate... | Oliver Dlouhý | 1 | |
| 5. | O víkendu bojoval český davisc... | s týmem Slovenska | 0 | |
| 6. | V následujících pěti otázkách... | gaviál (indický) | 0 | |
| 7. | Desomorfin je syntetický opioi... | v Rusku | 0 | |
| 8. | Značka Crocs je známá předevší... | v USA | 0 | |
| 9. | Česká rodinná komedie Jak se k... | Marie Poledňáková | 0 | |
| 10. | Jak si říká muž, který v roce... | Elton John | 0 |